Logo BPK

Biblioteka

Politechniki Koszalińskiej

Elektroniczna technika obliczeniowa w transporcie / (Rekord nr 20538)

Szczegóły MARC
000 -ETYKIETA REKORDU
podpole kontrolne o stałej długości 00389nam a2200145 i 4500
001 - NUMER KONTROLNY REKORDU
pole kontrolne bg
040 ## - ŹRÓDŁO KATALOGOWANIA
Instytucja, która utworzyła rekord BPK
041 ## - KOD JĘZYKA
Kod języka tekstu pol
008 - POLE O STAŁEJ DŁUGOŚCI - DANE KONTROLNE
podpole kontrolne o stałej długości s pl f |000 0 pol
100 1# - NAZWA OSOBOWA
Nazwa osobowa STAROWICZ, Wiesław
245 #0 - TYTUŁ/ODPOWIEDZIALNOŚĆ
Tytuł Elektroniczna technika obliczeniowa w transporcie /
Pozostałe elementy strefy tytułu i oznaczenia odpowiedzialności Wiesław Starowicz, Jolanta Basiaga.
260 ## - STREFA ADRESU WYDAWNICZEGO
Miejsce wydania Kraków,
Data publikacji, dystrybucji/powstania dokumentu 1981.
700 1# - HASŁO DODATKOWE - NAZWA OSOBOWA
Nazwa osobowa BASIAGA, Jolanta
856 ## - LOKALIZACJA I DOSTĘP DO ELEKTRONICZNYCH DOKUMENTÓW ZDALNYCH
Link (URL) http://koha.tu.koszalin.pl/cgi-bin/koha/opac-detail.pl?biblionumber=20538
Tekst linku Katalog online BPK
942 ## - DODATKOWE ELEMENTY (KOHA)
Typ dokumentu Książka
Egzemplarze
Wycofany Status egzemplarza Uszkodzony Dostępność Lokalizacja stała Lokalizacja bieżąca Miejsce przechowywania Sygnatura Kod kreskowy Typ dokumentu
      Dostępny Biblioteka Politechniki Koszalińskiej Biblioteka Politechniki Koszalińskiej Wypożyczalnia BG 28933 01622744 Książka
© 2023 Biblioteka Politechniki Koszalińskiej :: KOHA